| 000 | 00379nam a2200145 a 4500 | ||
|---|---|---|---|
| 001 | 4126 | ||
| 003 | CDMR | ||
| 005 | 20130219182026.0 | ||
| 008 | 130130s1986||||||||||||||||||||||||||||d | ||
| 040 |
_aCDMR _bcat _cCPC LLEIDA |
||
| 110 |
_92826 _aCentre d'Art Santa Mònica |
||
| 245 | 0 |
_aArtur Vives i Brunet _bMiscel·lània |
|
| 260 |
_aLleida _c1986 _bVirgili&Pagès |
||
| 942 |
_cMON _2ddc |
||
| 999 |
_c4126 _d4126 |
||